History Quiz

Random History or Year Quiz

Historical Events of 1987 Quiz Stats

 Plays Quiz Updated Dec 26, 2018

Support Sporcle.
Go Orange.
Score 0/20 Timer 08:00
1 Play Today
Clue % Correct
The Rock and Roll Hall of Fame inducts its first woman, 'The Queen of Soul'Aretha Franklin
90.6%
This cartoon first appears on The Tracy Ullman ShowThe Simpsons
65.5%
This flamboyant pianist passes away from AIDSWladziu Valentino Liberace
63.9%
U.S. President Ronald Reagan addresses the American people on this scandal, acknowledging that his overtures to Iran had 'deteriorated' into an arms-for-hostages deal.Iran-Contra Affair
61.8%
U2 releases this 5th studio album which contains the song 'With or Without You'The Joshua Tree
53.5%
The 1986 Best Picture Oscar goes to this war filmPlatoon
53.1%
West German pilot Mathias Rust illegally lands a plane in this Russian plazaRed Square
50%
They win Super Bowl XXI 39-20 over the BroncosNew York Giants
48.3%
Name given to this day when stock market levels fall sharply on Wall Street and around the world.Black Monday
47.8%
This Stephen King novel with Paul Sheldon as a character (James Caan played him in the film) is publishedMisery
46.7%
Clue % Correct
Susumu Tonegawa wins this award for his discovery of the genetic mechanism that produces antibody diversity.The Nobel Prize
43.8%
Set in Hyrule, this video game, is released in North America for the 8-bit Nintendo Entertainment SystemThe Legend of Zelda
40.6%
Known as fluoxetine, this anti-depressant makes its US debut Prozac
39.4%
This televangelist and host of 'The 700 Club' announces he will run for the 1988 Republican presidential nominationPat Robertson
33.7%
Chrysler acquires this maker of the GremlinAmerican Motors Corporation
33.4%
This dancer and film actor of films like 'Three Little Words' and 'Carefree', passes awayFred Astaire
28.4%
Tom Cruise marries this actressMimi Rogers
22.9%
Portugal and the PRC agree this colony will be handed over in 1999Macau
20.1%
Rudolf Hess is found dead in his prison cell in this borough of BerlinSpandau
10.8%
The 'Butcher of Lyon', he is sentenced to life imprisonmentKlaus Barbie
8.3%

You're not logged in!

Compare scores with friends on all Sporcle quizzes.
OR
Log In
Forgot?

From the Vault

5-Letter TV Women

by bhenderson79

"What kind of guy says exactly what he's thinking? Like, what kinda game is that?"
Remove Ads.
Support Sporcle.
Get the best of Sporcle when you Go Orange. This ad-free experience offers more features, more stats, and more fun while also helping to support Sporcle. Thank you for becoming a member.

Show Comments

Extras

Top Quizzes Today


Score Distribution

Your Account Isn't Verified!

In order to create a playlist on Sporcle, you need to verify the email address you used during registration. Go to your Sporcle Settings to finish the process.

Report this User

Report this user for behavior that violates our Community Guidelines.

Details: